<?xml version="1.0" encoding="UTF-8"?>
<collection xmlns="http://www.loc.gov/MARC21/slim">
<record>
  <controlfield tag="001">126361</controlfield>
  <controlfield tag="005">20231108202309.0</controlfield>
  <datafield tag="024" ind1="7" ind2=" ">
    <subfield code="2">doi</subfield>
    <subfield code="a">10.5944/comunitania.23.6</subfield>
  </datafield>
  <datafield tag="024" ind1="8" ind2=" ">
    <subfield code="2">sideral</subfield>
    <subfield code="a">133762</subfield>
  </datafield>
  <datafield tag="037" ind1=" " ind2=" ">
    <subfield code="a">ART-2022-133762</subfield>
  </datafield>
  <datafield tag="041" ind1=" " ind2=" ">
    <subfield code="a">spa</subfield>
  </datafield>
  <datafield tag="100" ind1=" " ind2=" ">
    <subfield code="a">Gracia Gil, Ana</subfield>
    <subfield code="0">(orcid)0000-0002-2420-4361</subfield>
  </datafield>
  <datafield tag="245" ind1=" " ind2=" ">
    <subfield code="a">A propósito del islam en Zaragoza. Un análisis de prejuicios e influencias en la percepción juvenil</subfield>
  </datafield>
  <datafield tag="260" ind1=" " ind2=" ">
    <subfield code="c">2022</subfield>
  </datafield>
  <datafield tag="506" ind1="0" ind2=" ">
    <subfield code="a">Access copy available to the general public</subfield>
    <subfield code="f">Unrestricted</subfield>
  </datafield>
  <datafield tag="520" ind1="3" ind2=" ">
    <subfield code="a">La disminución del interés por la religión implica un desconocimiento de sus postulados. Esto, unido al incremento de la diversidad religiosa, conlleva importantes retos a la convivencia entre culturas en un mismo territorio. En el presente artículo se analiza la percepción sobre lo religioso de jóvenes zaragozanos. Concretamente, se indaga sobre su percepción de la religión musulmana en la sociedad y los prejuicios existentes sobre la misma (castigos corporales, machismo, despotismo y terrorismo), así como la influencia que perciben de los medios de comunicación y la educación religiosa que han recibido en la construcción de sus ideas. Los principales resultados reflejan una mayor percepción de los prejuicios hacia los musulmanes relativos al machismo, por delante de los prejuicios sobre el terrorismo. Asimismo, los jóvenes no confían en la información que reciben de los medios de comunica- ción sobre los musulmanes y no ven en la educación religiosa recibida un recurso para el fomento del respeto y la tolerancia a la diversidad religiosa.</subfield>
  </datafield>
  <datafield tag="540" ind1=" " ind2=" ">
    <subfield code="9">info:eu-repo/semantics/openAccess</subfield>
    <subfield code="a">by-nc-nd</subfield>
    <subfield code="u">http://creativecommons.org/licenses/by-nc-nd/3.0/es/</subfield>
  </datafield>
  <datafield tag="655" ind1=" " ind2="4">
    <subfield code="a">info:eu-repo/semantics/article</subfield>
    <subfield code="v">info:eu-repo/semantics/publishedVersion</subfield>
  </datafield>
  <datafield tag="700" ind1=" " ind2=" ">
    <subfield code="a">Marcuello Servós, Chaime</subfield>
    <subfield code="u">Universidad de Zaragoza</subfield>
    <subfield code="0">(orcid)0000-0002-0187-2754</subfield>
  </datafield>
  <datafield tag="710" ind1="2" ind2=" ">
    <subfield code="1">4009</subfield>
    <subfield code="2">813</subfield>
    <subfield code="a">Universidad de Zaragoza</subfield>
    <subfield code="b">Dpto. Psicología y Sociología</subfield>
    <subfield code="c">Área Trabajo Social y Serv.Soc</subfield>
  </datafield>
  <datafield tag="773" ind1=" " ind2=" ">
    <subfield code="g">23 (2022), 93-110</subfield>
    <subfield code="p">Comunitania</subfield>
    <subfield code="t">Comunitania</subfield>
    <subfield code="x">2173-0512</subfield>
  </datafield>
  <datafield tag="856" ind1="4" ind2=" ">
    <subfield code="s">271558</subfield>
    <subfield code="u">http://zaguan.unizar.es/record/126361/files/texto_completo.pdf</subfield>
    <subfield code="y">Versión publicada</subfield>
  </datafield>
  <datafield tag="856" ind1="4" ind2=" ">
    <subfield code="s">1614687</subfield>
    <subfield code="u">http://zaguan.unizar.es/record/126361/files/texto_completo.jpg?subformat=icon</subfield>
    <subfield code="x">icon</subfield>
    <subfield code="y">Versión publicada</subfield>
  </datafield>
  <datafield tag="909" ind1="C" ind2="O">
    <subfield code="o">oai:zaguan.unizar.es:126361</subfield>
    <subfield code="p">articulos</subfield>
    <subfield code="p">driver</subfield>
  </datafield>
  <datafield tag="951" ind1=" " ind2=" ">
    <subfield code="a">2023-11-08-20:19:53</subfield>
  </datafield>
  <datafield tag="980" ind1=" " ind2=" ">
    <subfield code="a">ARTICLE</subfield>
  </datafield>
</record>
</collection>